[Event "Stay Safe Play From Home 212"]
[Site "T#646677Emanuel Laske"]
[Date "2020.06.09"]
[Round "3"]
[White "Elkje"]
[Black "Klasman"]
[Result "1-0"]
[WhiteElo "1520"]
[BlackElo "1450"]
[Annotator "NA RC"]
[PlyCount "45"]
[EventDate "2020.06.09"]
[EventType "swiss (blitz)"]

1. d3 {[%emt 0:00:01]} d5 {[%emt 0:00:05]} 2. e4 {[%emt 0:00:00]} d4 {[%emt 0:00:02]} 3. Nc3 {[%emt 0:00:00]} c5 {[%emt 0:00:02]} 4. Nce2 {[%emt 0:00:01]} Nc6 {[%emt 0:00:02]} 5. Bd2 {[%emt 0:00:00]} Bg4 {[%emt 0:00:07]} 6. g3 {[%emt 0:00:00]} e5 {[%emt 0:00:03]} 7. Bg2 {[%emt 0:00:01]} Bd6 {[%emt 0:00:01]} 8. f3 {[%emt 0:00:01]} Bh5 {[%emt 0:00:02]} 9. h4 {[%emt 0:00:01]} Nge7 {[%emt 0:00:02]} 10. Nh3 {[%emt 0:00:01]} f5 {[%emt 0:00:01]} 11. O-O {[%emt 0:00:00]} O-O {[%emt 0:00:03]} 12. Ng5 {[%emt 0:00:02]} Qd7 {[%emt 0:00:05]} 13. Ne6 {[%emt 0:00:01]} Qxe6 {[%emt 0:00:02]} 14. exf5 {[%emt 0:00:02]} Qxf5 {[%emt 0:00:02]} 15. g4 {[%emt 0:00:01]} Bxg4 {[%emt 0:00:02]} 16. fxg4 {[%emt 0:00:00]} Qxg4 {[%emt 0:00:01]} 17. Rxf8+ {[%emt 0:00:01]} Rxf8 {[%emt 0:00:02]} 18. Nc3 {[%emt 0:00:04]} dxc3 {[%emt 0:00:05]} 19. Qxg4 {[%emt 0:00:02]} cxd2 {[%emt 0:00:05]} 20. Qe6+ {[%emt 0:00:02]} Rf7 {[%emt 0:00:03]} 21. Qxd6 {[%emt 0:00:03]} c4 {[%emt 0:00:02]} 22. dxc4 {[%emt 0:00:01]} Nd4 {[%emt 0:00:01]} 23. Bd5 {[%emt 0:00:02] Time '} 1-0

[Event "Stay Safe Play From Home 212"]
[Site "T#646677Emanuel Laske"]
[Date "2020.06.09"]
[Round "4"]
[White "Mepe_Nika"]
[Black "SoulofWolf"]
[Result "1-0"]
[WhiteElo "2320"]
[BlackElo "2201"]
[Annotator "TA"]
[PlyCount "87"]
[EventDate "2020.06.09"]
[EventType "swiss (blitz)"]

{[%evp 9,87,0,6,-4,-10,-51,-43,-63,1,0,52,48,152,145,167,156,147,148,167,145,160,149,135,95,174,71,70,62,92,52,141,128,900,893,2277,2256,2289,2277,2249,2240,2169,736,693,-231,1336,1293,1955,957,959,912,1004,722,943,878,858,852,801,529,748,104,1019,864,948,920,1018,1002,950,824,1027,968,29983,1052,29980,29981,29982,29983,29982,29983,29980,29981]} 1. d4 e6 2. Bf4 Be7 3. e3 c5 4. c3 Nf6 5. Nd2 b6 6. Qf3 {A40: Unusual replies to 1 d4.} Nc6 7. Bd3 Bb7 {[#]} 8. Ne2 $146 {Black is slightly better.} ({Predecessor:} 8. Qh3 O-O 9. Ngf3 d5 10. g4 g6 11. Qg2 cxd4 12. exd4 Re8 13. O-O-O b5 14. a3 {1-0 (51) Cueto Chajtur,J (2301)-Ramos del Campo,A (2038) San Sebastian 2011}) 8... d5 (8... cxd4 $15 9. cxd4 Nb4) 9. g4 h6 ({Black should play} 9... Nd7 $11) 10. h4 $14 Nb8 (10... g6 $14) 11. g5 $36 {[%mdl 2048] White is on the roll.} Nfd7 12. gxh6 gxh6 13. O-O-O Nc6 {[#]} 14. Kb1 $1 Nf6 15. h5 Qd7 16. Rhg1 O-O-O (16... c4 $16 {might work better.}) 17. Rg7 (17. Bb5 $18) 17... Rdf8 18. Rdg1 Ne8 {White leaves nothing to chance now.} 19. R7g2 f6 (19... Bd6 $14) 20. Bh2 e5 $2 {[%mdl 8192]} (20... cxd4 $16 21. exd4 Bd6) 21. Bf5 $18 e4 22. Bxd7+ Kxd7 23. Qf5+ {[%mdl 64] [#] Double Attack} Kd8 24. Qxd5+ Kc8 25. Nxe4 Nxd4 26. Qc4 $4 {[%mdl 8192]} ({Not} 26. exd4 Bxd5 27. f3 Rhg8 $16) (26. Qxb7+ $18 Kxb7 27. cxd4) 26... b5 $4 {[%mdl 8192]} (26... Bxe4+ $19 27. Kc1 b5) 27. Qd3 Nxe2 28. Qxe2 Bxe4+ 29. Ka1 Bxg2 30. Rxg2 Rhg8 31. Rxg8 Rxg8 32. Qxb5 Bd6 33. Qc4 Rg2 34. Qe6+ $2 (34. Qe4 $18 {has better winning chances.} Rxh2 35. Qxe8+ Kc7 36. Qf7+ Kd8 37. Qxf6+ {[%mdl 64] Double Attack} Be7 38. Qf3) 34... Kc7 $2 {[%mdl 8192]} (34... Kd8 $16) 35. Qxe8 {aiming for Qe7+.} Rxh2 {[%mdl 4096] Endgame KQ-KRB} 36. a4 a5 37. Ka2 Rxf2 38. Qg6 Rd2 39. Qxh6 Rd3 40. Qxf6 (40. Qh7+ $142 Kc8 41. Qf5+ Kc7 42. Qxd3 Kd7 43. h6 f5 44. h7 f4 45. h8=Q) 40... Rd2 41. h6 {White mates.} Kc6 42. h7 Rh2 43. h8=Q Rxh8 44. Qxh8 {Accuracy: White = 58%, Black = 24%.} 1-0

[Event "Stay Safe Play From Home 212"]
[Site "T#646677Emanuel Laske"]
[Date "2020.06.09"]
[Round "4"]
[White "little champs"]
[Black "XShot"]
[Result "0-1"]
[WhiteElo "2284"]
[BlackElo "2524"]
[Annotator "TA"]
[PlyCount "106"]
[EventDate "2020.06.09"]
[EventType "swiss (blitz)"]

{[%evp 9,105,8,22,15,24,24,42,40,35,7,22,18,25,-4,24,18,71,68,72,-41,-33,-48,30,22,91,77,118,-63,-68,-60,-72,-67,-64,-73,-40,-50,-47,-43,0,-190,-190,-273,-285,-287,-277,-280,-288,-221,-177,-262,-229,-322,-319,-291,-277,-529,-528,-442,-260,-1392,-1391,-1120,-989,-5389,-3049,-29979,-29980,-29979,-29980,-29986,-29986,-29987,-29988,-29988,-29989,-29989,-29990,-29991,-29992,-29994,-29993,-29993,-29994,-29994,-29995,-29996,-29997,-29997,-29997,-29997,-29997,-29999,-29997,-29997,-29997,-29999,-29998,-29999]} 1. d4 Nf6 2. e3 g6 3. Nf3 Bg7 4. Be2 O-O 5. O-O b6 6. c4 {A48: 1 d4 Nf6 2 Nf3 g6: Torre, London and Colle Systems.} Bb7 7. Nc3 Ne4 8. Nxe4 {White is slightly better.} Bxe4 {[#]} 9. Bd3 $146 ({Predecessor:} 9. d5 d6 10. Nd2 Bf5 11. e4 Bc8 12. Rb1 c6 13. b3 cxd5 14. cxd5 Nd7 15. Bb2 {1-0 (60) Braun,A (2598)-Fressinet,L (2655) chess.com INT 2019}) 9... Bb7 10. e4 d6 11. b3 e5 12. d5 $36 {[%mdl 2048] White has good play.} f5 (12... c6 $11 {keeps the balance.}) 13. Ng5 Bc8 $1 {[#]} 14. Ne6 ({White should try} 14. exf5 $1 $16 gxf5 15. Qh5) 14... Bxe6 $1 $15 15. dxe6 {And now exf5 would win.} f4 (15... Nc6 $15) 16. c5 $1 $11 bxc5 (16... dxc5 $11 17. Bc4 Qe7) 17. Bc4 $16 {Strongly threatening e7+.} Qe7 18. g3 $2 {[#]} (18. Qd5 $16 c6 19. Qd3) 18... Nc6 $15 19. Bd5 Nd4 {Threatens to win with ...Rad8.} 20. Bxa8 Rxa8 21. Bb2 Qxe6 22. Bxd4 cxd4 23. Qd3 Rf8 24. f3 $2 {Black converts the advantage convincingly.} (24. Qc4 $11 {and White has nothing to worry.} Qf7 25. Qxf7+ Kxf7 26. f3) 24... fxg3 $19 25. hxg3 (25. Qc4 $142 gxh2+ 26. Kxh2) 25... Qh3 26. f4 exf4 27. Rf3 {If only White now had time for Raf1....} fxg3 28. Rxg3 Qe6 29. Rf1 (29. Qc4 $142 Re8 30. Rb1) 29... Rxf1+ 30. Qxf1 {[%mdl 4096] Endgame KQR-KQB} (30. Kxf1 $142 Kh8 31. Rg2) 30... Be5 ({Don't do} 30... Qxe4 31. Qd3 $19) 31. Rg2 Kg7 32. Qc4 $2 (32. Qf5 {might work better.} Qf7 33. Rg4) 32... Qxc4 33. bxc4 {KR-KB} c5 (33... h5 $142 34. Rb2 g5) 34. Kf1 $2 (34. Rb2 Kf6 35. Rb7) 34... h5 35. Ke2 Kh6 36. Kf3 g5 37. a4 g4+ {Black mates.} 38. Ke2 Kg5 39. Kf1 h4 40. Rf2 g3 41. Rf5+ Kg4 42. Rf8 h3 43. Rg8+ Kf3 44. Rh8 h2 45. Rf8+ Bf4 46. Rxf4+ Kxf4 {KP-KP} 47. Kg2 d3 {[%cal Bd4d3,Bd3d2][%mdl 32]} 48. e5 dxe5 49. a5 a6 50. Kh3 e4 {[%cal Rh2h1]} 51. Kg2 e3 52. Kh3 d2 {[%cal Rh2h1]} 53. Kh4 h1=Q# {Accuracy: White = 50%, Black = 69%.} 0-1

[Event "Stay Safe Play From Home 212"]
[Site "T#646677Emanuel Laske"]
[Date "2020.06.09"]
[Round "4"]
[White "Lamborghini"]
[Black "Emresenar"]
[Result "0-1"]
[WhiteElo "2172"]
[BlackElo "1817"]
[Annotator "TA"]
[PlyCount "96"]
[EventDate "2020.06.09"]
[EventType "swiss (blitz)"]

{[%evp 9,95,-44,-53,-99,-56,-80,-70,-89,-85,-109,-111,-108,-100,-109,-116,-106,-39,-145,-137,-186,-175,-174,-182,-215,-220,-219,-227,-286,-242,-441,-355,-465,-438,-436,-408,-475,-368,-867,-860,-1139,-1161,-1252,-1225,-1436,-1433,-2452,-2426,-2251,-2002,-6629,-5147,-2906,-2156,-6116,-6116,-6025,-5912,-5489,-5252,-2577,-1981,-29990,-29991,-29991,-29991,-29991,-29991,-29992,-29992,-29991,-29992,-29992,-29992,-29992,-29993,-29993,-29994,-29995,-29996,-29996,-29997,-29997,-29997,-29997,-29998,-29998,-29999,-29999]} 1. e4 b6 2. d4 Bb7 3. Nc3 Nf6 {[#]} 4. a3 $146 ({Predecessor:} 4. Bd3 e6 5. a3 c5 6. Nf3 cxd4 7. Nxd4 Nc6 8. Nxc6 dxc6 9. e5 Nd7 10. Qe2 Qc7 11. Bf4 f5 12. Bc4 Kf7 13. Bxe6+ Kg6 14. Qd3 {1-0 (14) Govedarica,R (2331)-Brkic,Z (2130) Belgrade 2018}) 4... Nxe4 5. Nxe4 Bxe4 6. Qg4 {B00: Queen's Fianchetto Defence, Nimzowitsch Defence.} Bb7 7. h4 d6 8. h5 {Black is slightly better.} Nd7 9. Nf3 Nf6 10. Qg3 Qd7 11. Bd3 O-O-O 12. a4 Nd5 (12... a5 $17 13. Rh4 e6) 13. a5 (13. Bd2 $15) 13... Nb4 $17 14. axb6 Nxd3+ ({Don't take} 14... cxb6 15. Rxa7 Nxd3+ 16. cxd3 $15) 15. cxd3 axb6 16. O-O Kb8 17. Be3 g6 18. d5 Bxd5 19. Bd4 $2 (19. Qf4) 19... f6 20. Ra3 e5 21. Be3 gxh5 {[#] And now ...Rg8 would win.} 22. Rfa1 Be7 23. d4 $2 (23. Qh2) 23... Rhg8 $19 24. Qh2 Bxf3 25. d5 Bxd5 26. f3 Bxf3 27. Bxb6 Rxg2+ 28. Qxg2 Bxg2 29. Kxg2 cxb6 30. Ra8+ Kc7 31. R1a7+ Kc6 32. Rxd7 Rxd7 {[%mdl 4096] Endgame KRB-KR} 33. Rc8+ Kb7 34. Rc2 Rc7 35. Kf3 Rxc2 {Black mates.} 36. Ke4 Rxb2 37. Kd5 Rb5+ 38. Ke6 Rc5 39. Kf5 {[#]} e4+ $1 40. Kxe4 b5 41. Kd3 b4 42. Kd4 b3 43. Ke4 b2 44. Kf3 b1=Q 45. Kg3 Qb4 46. Kf2 Rc3 47. Ke1 Qb2 {[%cal Rc3c1]} 48. Kd1 Rc1# {Accuracy: White = 31%, Black = 78%.} 0-1

[Event "Stay Safe Play From Home 212"]
[Site "T#646677Emanuel Laske"]
[Date "2020.06.09"]
[Round "4"]
[White "Lazieri3"]
[Black "Elkje"]
[Result "1-0"]
[WhiteElo "2033"]
[BlackElo "1533"]
[Annotator "TA"]
[PlyCount "83"]
[EventDate "2020.06.09"]
[EventType "swiss (blitz)"]

{[%evp 10,83,9,-18,-18,-12,26,10,18,0,8,-11,-14,-35,-14,-14,-10,-27,-26,-36,-34,-54,-21,-29,31,14,73,4,55,24,21,21,122,132,177,185,268,280,285,277,276,237,319,289,281,262,411,251,249,213,520,460,577,504,29977,29978,29978,29979,29979,29980,29979,29980,29982,29983,29983,29984,29984,29985,29985,29986,29987,29988,29988,29989,29989,29989]} 1. e4 c6 2. Nc3 d5 3. exd5 cxd5 4. d4 Nc6 5. Nf3 Nf6 6. Bf4 {White wants to play Nb5.} Bg4 {B13: Caro-Kann: Exchange Variation and Panov-Botvinnik Attack.} 7. Be2 g6 {[#]} 8. Ne5 $146 ({Predecessor:} 8. h3 Bf5 9. Bb5 a6 10. Bxc6+ bxc6 11. O-O Bg7 12. Ne2 O-O 13. Ng3 Qc8 14. Ne5 {½-½ (25) Staravoitava,H (1717)-Tomcikova,D (1915) Riga 2018}) 8... Bxe2 {The position is equal.} 9. Nxe2 Qb6 (9... Bg7 {seems wilder.} 10. c3 Nh5 11. Nd3 e6 12. Be3 O-O) 10. Nxc6 (10. O-O {keeps more tension.} Bg7 11. c3 O-O 12. Nd3 Nd7 13. Re1) 10... bxc6 11. Rb1 e6 12. c3 Be7 13. O-O O-O 14. Ng3 a5 15. h4 a4 16. h5 a3 (16... Rfc8 $11) 17. hxg6 fxg6 ({But not} 17... axb2 $2 18. gxh7+ Nxh7 19. Nh5 $16 (19. Qg4+ Kh8 $16)) (17... hxg6 $11 18. b4 Nd7) 18. b3 (18. Qe2 $16) 18... Nd7 (18... Ne4 $11 19. Nxe4 Rxf4) 19. Bh6 Rf7 20. Qe2 Qa5 {White stays focused until the end.} (20... Nf8 $11 {keeps the balance.}) 21. Qxe6 $16 Nf6 22. Qxc6 Re8 (22... Qd8 $142 23. Qe6 Qc8) 23. Bg5 $18 {[#] Black must now prevent Bxf6.} Qa8 24. Qxa8 Rxa8 25. Rfe1 Bd6 26. Bxf6 Rxf6 27. c4 dxc4 (27... Bxg3 $142 28. fxg3 dxc4) 28. bxc4 {[#] aiming for Ne4.} Bxg3 29. fxg3 {[%mdl 4096] Endgame KRR-KRR} Raf8 $2 (29... Ra4 30. Rb8+ Rf8 31. Rxf8+ Kxf8) 30. Rf1 Rxf1+ 31. Rxf1 Rxf1+ (31... Rc8 $18 32. c5 Rd8) 32. Kxf1 {KP-KP. White mates.} Kf7 33. Ke2 Ke6 34. Kd3 Kd6 35. c5+ Kc6 36. Kc4 h6 37. d5+ Kc7 38. Kb4 Kb7 39. Kxa3 Ka6 40. Kb4 Kb7 41. d6 Kc6 42. Kc4 {Accuracy: White = 87%, Black = 46%.} 1-0

[Event "Stay Safe Play From Home 212"]
[Site "T#646677Emanuel Laske"]
[Date "2020.06.09"]
[Round "4"]
[White "Haxhi Baha"]
[Black "Broken sword"]
[Result "0-1"]
[WhiteElo "1953"]
[BlackElo "2418"]
[Annotator "TA"]
[PlyCount "90"]
[EventDate "2020.06.09"]
[EventType "swiss (blitz)"]

{[%evp 9,90,11,46,43,57,4,67,63,79,43,66,43,105,87,168,152,169,135,148,75,76,45,80,72,89,2,25,0,118,-140,9,11,17,-43,143,147,143,108,141,147,149,153,147,106,114,121,215,134,230,-139,207,189,172,140,137,139,268,136,191,167,167,168,206,223,254,223,222,211,205,123,250,228,204,0,0,0,0,-61,-62,-82,-11,-88,-73]} 1. e4 e6 2. d4 c5 3. Nf3 a6 4. Nc3 cxd4 5. Nxd4 d5 6. exd5 {B43: Sicilian: Kan Variation: 5 Nc3.} exd5 {[#]} 7. Qf3 $146 (7. Be2 $14) ({Predecessor:} 7. Be2 Bb4 8. O-O Ne7 9. Bf3 O-O 10. Bg5 f6 11. Be3 Nbc6 12. Nb3 Bxc3 13. bxc3 {½-½ (52) Warszawski,B (2247)-Barle,J (2345) Warsaw 2014}) 7... Nf6 (7... Nc6 $1 $11 8. Nxc6 bxc6) 8. Bg5 $14 {Black must now prevent Bxf6.White is slightly better.} Be7 9. Bxf6 Bxf6 10. O-O-O {Re1+ is the strong threat.} O-O (10... Nc6 $1 $14 11. Nb3 Bxc3 12. Qxc3 (12. Rxd5 Bxb2+ 13. Kxb2 Qe7 $11) 12... O-O) 11. Nxd5 $16 Bg5+ (11... Bxd4 $16 {was necessary.} 12. Rxd4 Nc6) 12. Kb1 $18 Nc6 13. Nb3 Be6 14. Ne3 (14. Nc5 $142) 14... Qe7 $16 15. Bd3 Rfd8 16. h4 Bf6 17. g4 ({White should try} 17. Qe4 $16 g6 18. h5) 17... a5 18. g5 {[#]} Be5 (18... Bxb2 $1 $11 {[%mdl 512]} 19. Kxb2 a4) 19. Ng4 $2 {[%mdl 8192]} (19. a4 $16) 19... Bxg4 (19... a4 $17 20. Qe4 Rxd3 21. Rxd3 axb3 22. Nxe5 Qc5) 20. Qxg4 $40 {[%mdl 128] White has some attack.} a4 21. Nc1 ({White should play} 21. Nd2 $11) 21... Qb4 $2 (21... Rd4 $15 {stays ahead.} 22. Qe2 {[#]} Rb4 $1 {[%mdl 576] Discovered Attack}) 22. Qxb4 $16 Nxb4 23. a3 Nc6 24. Be4 Rac8 25. Bxc6 bxc6 26. Rd3 Re8 27. Re1 {And now Rde3 would win.} Bf4 (27... f6 $16) 28. Rxe8+ $18 Rxe8 {[%mdl 4096] Endgame KRB-KRN} 29. Rc3 $2 (29. Rd4 $18 Bxc1 30. Kxc1) 29... h6 $2 {[%mdl 8192]} (29... Re1 $17 {stays on course.} 30. Rxc6 Kf8) 30. Nd3 ({And not} 30. Rxc6 Re1 $17) 30... hxg5 31. hxg5 ({But not} 31. Rxc6 gxh4 32. Nxf4 g5 $16) 31... Bxg5 32. Rxc6 Re4 (32... Ra8 $16 33. c3 Kf8) 33. Ra6 (33. b4 $18) 33... Bf6 (33... Rd4 $16 34. Nc5 Bh4) 34. b4 {Hoping for b5.} axb3 35. cxb3 Rd4 36. Kc2 Re4 37. a4 Re2+ 38. Kd1 Ra2 39. a5 Bg5 (39... Ra3 $16 {is a better defense.}) 40. Ra8+ Kh7 {With the idea ...Rd2+.} 41. Nc1 $2 ({White must play} 41. f4 $18 Bf6 42. Nb4 Ra1+ 43. Ke2) 41... Ra1 $11 42. Rc8 Rxa5 43. b4 (43. Nd3 $11) 43... Ra1 $15 44. Rc5 f6 (44... Bf4 $17) 45. b5 (45. Rc4 $1 $11) 45... Rb1 {Accuracy: White = 38%, Black = 33%.} 0-1

[Event "Stay Safe Play From Home 212"]
[Site "T#646677Emanuel Laske"]
[Date "2020.06.09"]
[Round "4"]
[White "Edmatuag"]
[Black "Castlingarrocco"]
[Result "0-1"]
[WhiteElo "1730"]
[BlackElo "2010"]
[Annotator "RC"]
[PlyCount "72"]
[EventDate "2020.06.09"]
[EventType "swiss (blitz)"]

1. e4 {[%emt 0:00:01]} d6 {[%emt 0:00:00]} 2. d4 {[%emt 0:00:02]} g6 {[%emt 0:00:00]} 3. f3 {[%emt 0:00:03]} Bg7 {[%emt 0:00:00]} 4. Be3 {[%emt 0:00:01]} Nd7 {[%emt 0:00:01]} 5. c4 {[%emt 0:00:01]} a6 {[%emt 0:00:01]} 6. Nc3 {[%emt 0:00:01]} b6 {[%emt 0:00:01]} 7. Qd2 {[%emt 0:00:03]} Bb7 {[%emt 0:00:00]} 8. Nge2 {[%emt 0:00:01]} e6 {[%emt 0:00:00]} 9. O-O-O {[%emt 0:00:03]} Ne7 {[%emt 0:00:00]} 10. g4 {[%emt 0:00:01]} h6 {[%emt 0:00:01]} 11. h4 {[%emt 0:00:01]} h5 {[%emt 0:00:02]} 12. gxh5 {[%emt 0:00:02]} Rxh5 {[%emt 0:00:02]} 13. Ng3 {[%emt 0:00:02]} Rh8 {[%emt 0:00:02]} 14. Bd3 {[%emt 0:00:03]} c5 {[%emt 0:00:01]} 15. d5 {[%emt 0:00:01]} e5 {[%emt 0:00:01]} 16. f4 {[%emt 0:00:01]} exf4 {[%emt 0:00:01]} 17. Bxf4 {[%emt 0:00:01]} Ne5 {[%emt 0:00:01]} 18. Bxe5 {[%emt 0:00:01]} Bxe5 {[%emt 0:00:01]} 19. Nge2 {[%emt 0:00:01]} Qd7 {[%emt 0:00:01]} 20. Nf4 {[%emt 0:00:02]} O-O-O {[%emt 0:00:02]} 21. h5 {[%emt 0:00:01]} g5 {[%emt 0:00:01]} 22. Nfe2 {[%emt 0:00:01]} f5 {[%emt 0:00:01]} 23. Kb1 {[%emt 0:00:01]} f4 {[%emt 0:00:01]} 24. Ng1 {[%emt 0:00:01]} Rdf8 {[%emt 0:00:01]} 25. Nf3 {[%emt 0:00:02]} g4 {[%emt 0:00:01]} 26. Nxe5 {[%emt 0:00:01]} dxe5 {[%emt 0:00:00]} 27. d6 {[%emt 0:00:02]} Nc6 {[%emt 0:00:01]} 28. Nd5 {[%emt 0:00:01]} Kb8 {[%emt 0:00:02]} 29. Nxb6 {[%emt 0:00:01]} Qxd6 {[%emt 0:00:01]} 30. Nd5 {[%emt 0:00:00]} Nd4 {[%emt 0:00:01]} 31. Qa5 {[%emt 0:00:01]} f3 {[%emt 0:00:01]} 32. Rdf1 {[%emt 0:00:02]} g3 {[%emt 0:00:01]} 33. Rh3 {[%emt 0:00:01]} Rhg8 {[%emt 0:00:01]} 34. Rg1 {[%emt 0:00:03]} f2 {[%emt 0:00:01]} 35. Rg2 {[%emt 0:00:02]} f1=Q+ {[%emt 0:00:01]} 36. Bxf1 {[%emt 0:00:01]} Rxf1+ {[%emt 0:00:00] Edmatuag resigns (Lag: Av=0.43s, max=0.9s)} 0-1

[Event "Stay Safe Play From Home 212"]
[Site "T#646677Emanuel Laske"]
[Date "2020.06.09"]
[Round "4"]
[White "Klasman"]
[Black "Trotsky"]
[Result "0-1"]
[WhiteElo "1437"]
[BlackElo "1568"]
[Annotator "NA RC"]
[PlyCount "48"]
[EventDate "2020.06.09"]
[EventType "swiss (blitz)"]

1. f4 {[%emt 0:00:03]} d5 {[%emt 0:00:01]} 2. Nf3 {[%emt 0:00:02]} e6 {[%emt 0:00:00]} 3. e3 {[%emt 0:00:01]} c5 {[%emt 0:00:01]} 4. d4 {[%emt 0:00:02]} Nc6 {[%emt 0:00:01]} 5. c3 {[%emt 0:00:01]} Nf6 {[%emt 0:00:01]} 6. Bb5 {[%emt 0:00:02]} Qc7 {[%emt 0:00:01]} 7. Ne5 {[%emt 0:00:01]} Bd6 {[%emt 0:00:01]} 8. Nxc6 {[%emt 0:00:04]} bxc6 {[%emt 0:00:01]} 9. Ba4 {[%emt 0:00:02]} c4 {[%emt 0:00:01]} 10. Nd2 {[%emt 0:00:02]} Bd7 {[%emt 0:00:00]} 11. Nf3 {[%emt 0:00:01]} O-O-O {[%emt 0:00:01]} 12. b3 {[%emt 0:00:04]} h5 {[%emt 0:00:01]} 13. bxc4 {[%emt 0:00:02]} g5 {[%emt 0:00:02]} 14. c5 {[%emt 0:00:04]} g4 {[%emt 0:00:01]} 15. cxd6 {[%emt 0:00:02]} Qxd6 {[%emt 0:00:02]} 16. Ng5 {[%emt 0:00:01]} Rdf8 {[%emt 0:00:03]} 17. Qe2 {[%emt 0:00:04]} Ne4 {[%emt 0:00:01]} 18. Qa6+ {[%emt 0:00:02]} Kd8 {[%emt 0:00:01]} 19. Qxa7 {[%emt 0:00:04]} f6 {[%emt 0:00:01]} 20. Nxe4 {[%emt 0:00:05]} Qe7 {[%emt 0:00:03]} 21. Nc5 {[%emt 0:00:04]} Qd6 {[%emt 0:00:01]} 22. Rb1 {[%emt 0:00:02]} Ke7 {[%emt 0:00:01]} 23. Rb7 {[%emt 0:00:02]} Rd8 {[%emt 0:00:01]} 24. Rxd7+ {[%emt 0:00:02]} Rxd7 {[%emt 0:00:01] Time (Lag: Av=0.35s, max=1.1s) .} 0-1

[Event "Stay Safe Play From Home 212"]
[Site "T#646677Emanuel Laske"]
[Date "2020.06.09"]
[Round "5"]
[White "XShot"]
[Black "Mepe_Nika"]
[Result "0-1"]
[WhiteElo "2531"]
[BlackElo "2331"]
[Annotator "TA"]
[PlyCount "108"]
[EventDate "2020.06.09"]
[EventType "swiss (blitz)"]

{[%evp 9,108,-20,-36,-32,30,0,0,23,27,27,61,57,50,0,75,61,68,37,43,43,88,0,0,3,18,0,0,0,0,-12,0,-17,12,-8,0,0,0,-39,-40,-37,0,-60,-12,-53,-56,-51,-14,-58,0,-6,0,0,0,0,0,0,0,0,0,0,0,0,0,-91,-82,-77,-77,-100,-70,-82,0,-10,0,-21,-21,-21,-7,-8,0,-91,-93,-12834,-12835,-12834,0,-12838,0,-12839,-12839,-12842,-12843,-12843,-12842,-12842,-12841,-12841,0,0,0,0,0]} 1. d4 c5 2. Nf3 cxd4 3. Qxd4 e6 4. Bg5 Qa5+ {[#]} 5. Nc3 $146 ({Predecessor:} 5. c3 Nc6 6. Qd3 h6 7. Bh4 d5 8. e3 Be7 9. Bg3 Nf6 10. Nbd2 O-O 11. Be2 {0-1 (38) Timulis,F-Vogel,M Kiel 1992}) 5... Nc6 6. Qh4 {A43: Schmid Benoni.} h6 (6... Ba3 $15 7. Bc1 d5) 7. a3 Be7 (7... b5 {keeps more tension.} 8. Bd2 Be7 9. Qg3 b4 10. Na2 Nf6) 8. Bxe7 Ngxe7 9. e4 Ng6 10. Qg3 O-O 11. Bd3 Nce5 (11... e5 $11 {keeps the balance.}) 12. Nxe5 Qxe5 13. O-O Qxg3 14. hxg3 Ne5 15. f4 (15. Be2 $16) 15... Nxd3 $11 16. cxd3 b6 17. Rfc1 Ba6 18. d4 Rac8 19. Kf2 d6 20. Ke3 Rc7 21. Ne2 Rfc8 {aiming for ...Rc2.} 22. Rxc7 Rxc7 23. Rc1 (23. Nc3 {is more complex.} Kf8 24. g4 Ke7 25. Rh1 Rc8 26. g5) 23... Rxc1 24. Nxc1 $15 {[%mdl 4096] Endgame KB-KN} Kf8 25. e5 (25. g4 $11) 25... Ke7 26. b4 Bb7 27. Kf2 f6 28. Ne2 a5 ({Black should try} 28... h5 $15) 29. Nc3 axb4 (29... f5 {seems wilder.} 30. b5 Kd7 31. Na4 dxe5 32. dxe5 Kc7) 30. axb4 Bc6 31. g4 dxe5 32. dxe5 fxe5 33. fxe5 g5 34. g3 Kd7 35. Ne2 Ba4 36. Nd4 (36. Ke1 $11) 36... Bd1 $17 37. Ke3 Bxg4 38. Nb5 Bd1 39. Nd6 h5 (39... Bh5 $17) 40. Nf7 h4 41. Nxg5 hxg3 42. Ne4 $1 g2 43. Kf2 {[#]} Bf3 $1 {[%mdl 512]} 44. Ng5 (44. Nd2 $11 Bd5 45. Nb1) (44. Kxf3 g1=Q) 44... Bd5 {...Kc6 is the strong threat.} 45. Nh3 $2 {[%mdl 8192]} (45. Kg1 $17) 45... Kc6 $19 46. Nf4 {[#]} Kb5 $2 (46... g1=Q+ $1 $19 {[%mdl 512]} 47. Kxg1 Bc4) 47. Kg1 $2 {[%mdl 8192]} (47. Nxd5 $11 exd5 48. Kxg2) 47... Be4 $2 ({Black should play} 47... Bc4 $19 48. Nxg2 Kxb4) 48. Kf2 $2 {[%mdl 8192]} (48. Nxe6 $11 Kxb4 49. Ng5) 48... Bf5 49. Kxg2 Kxb4 50. Kf2 Kc3 51. Ke3 b5 {[%cal Bb6b5,Bb5b4][%mdl 32]} 52. Ne2+ Kc2 $2 (52... Kc4 $19 53. Nd4 Bg4) 53. Nd4+ $11 {[%mdl 64] Double Attack} Kc3 54. Nxf5 b4 {[%mdl 32768] Accuracy: White = 65%, Black = 64%. . Loss on time!?} 0-1